Normal view MARC view
  • Castrejón Díez, Jaime,

Entry Nombre Personal

Number of records used in: 22

001 - NUMERO DE CONTROL

  • campo de control: 31508

003 - IDENTIFICADOR DE NUMERO DE CONTROL

  • campo de control: UPN

005 - FECHA Y HORA DE LA ÜLTIMA TRANSACCIÓN

  • campo de control: 20210219194424.0

008 - DATOS DE LONGITUD FIJA

  • campo de control de longitud fija: nabaccnnaabn|||||||||| b |nc|||||d

035 ## - NUMERO DE CONTROL

  • Número de control: UPN11000003614

040 ## - FUENTE DE CATALOGACIÓN

  • Lenguaje de catalogación: SPA
  • Agencia de transcripción: UPN

053 #4 - NÚMERO DE CLASIFICACIÓN LC

  • Número de clasificación elemento-número único o número inicial de tramo: PQ7298.13 A7.76

100 1# - ENCABEZAMIENTO - NOMBRE PERSONAL

  • Nombre personal: Castrejón Díez, Jaime,
  • Fechas asociadas con el nombre: 1931-

670 ## - FUENTE EN LA QUE SE LOCALIZARON DATOS

  • Cita de la fuente: T
  • Uniform Resource Identifier: http://www.enciclopediagro.org/index.php/indices/indice-de-biografias/464-castrejon-diez-jaime

680 ## - NOTA PUBLICA DE ACCESO PÚBLICO

  • Frase explicativa de la referencia: Doctor en microbiología, político y escritor mexicano

902 ## - CATALOGADOR

  • Catalogador: CAA/311011